Statistics for Top 15 Celebrities Born In 1955

Click here to take the quiz!

General Stats

  • This quiz has been taken 107 times
    (69 since last reset)
  • The average score is 7 of 15

Answer Stats

Answer% Correct
Steve Jobs
94%
Rowan Atkinson
88%
Bruce Willis
80%
Kris Jenner
74%
Whoopi Goldberg
72%
Howie Mandel
48%
Bill Nye
46%
Kevin Costner
46%
Donatella Versace
42%
Reba McEntire
34%
J.K. Simmons
30%
Billy Bob Thornton
26%
Billy Idol
24%
Jeff Daniels
18%
Eddie Van Halen
12%

Score Distribution

Percentile by Number Answered

Percent of People with Each Score

Your Score History

You have not taken this quiz since the last reset